000 00750nam a2200229 a 4500
999 _c9207
_d9207
001 9207
003 BD-JhCC
005 20180314182034.0
008 171031s1986 bg |||| |||| 000 0 ben d
035 _a(BD-JhCC) 9207
040 _aBD-JhCC
_dBD-JhCC
041 _aben
082 _a928
_bSUF 1986
100 _aসুফী, মোতাহার হোসেন
245 _aবেগম রোকেয়া জীবন ও সাহিত্য /
_cমোতাহার হোসেন সুফী
260 _aঢাকা :
_bইউনিভার্সিটি প্রেস লিমিটেড,
_c1986.
300 _a384 p. :
_c22 cm.
600 _aRokeya, Begum
650 _aBiography
942 _2ddc
_cBK